000 00610nam a2200229Ia 4500
003 OSt
005 20221007081813.0
006 a|||||r|||| 00| 0
007 ta
008 221006b |||||||| |||| 00| 0 eng d
024 _a13,747
037 _cTextual
040 _aFLL
_cFLL
_beng
041 _2eng
_aeng
082 _aW:28, K2
100 _aSingh Sidh Nath Au.
_9698087
245 0 _aBook on departmental proceedings
260 _aPatna
_bSidh Nath Singh India
_c1962
300 _axxxii,608p
_ccm.
942 _hW:28, K2
_cTEXL
_2CC
999 _c1164327
_d1164327